00757cam a22001691 4500082001300000100003300013245017900046260003100225300005100256500008400307500004900391500005500440526003300495650002800528650000800556700002300564 a355.00921 aSmith, Harry George Wakelyn,14aThe autobiography of Lieutenant-General Sir Harry Smith, baronet of Aliwal on the Sutlej, G.C.B.;ced. with the addition of some supplementary chapters, by G. C. Moore Smith. aLondon,bJ. Murray,c1902. a2 v.bfront., pl., port., maps, plans.c23 cm. aExperiences in the war of 1812, at the capture of Washington, etc.: p. 191-208. aFirst edition December 1901; reprinted 1902. aOn cover; Arms granted to Sir Harry Smith in 1846. a0b0c0d355_009200000000000 0aGeneralszGreat Britain 0aMCE1 aSmith, G. C. Moore